• 首页
  • 本馆介绍
  • 公告通知
  • 最新文献
  • 馆藏检索
  • 电子资源
  • 读者导购
  • 参考咨询
  • 我的图书馆
  • 登录
  • 详细信息显示
  • 放入我的书架
  • 预约/预借图书
  • 作者相关作品
  • 分类相关作品
  • 丛书相关作品
  • 出版社相关作品

书目信息

  • 表格格式
  • 工作单格式
  • 卡片格式
题名:
农村有线广播技术手册
    
 
作者: ;《农村有线广播技术手册》缩写组 编
分册:  
出版信息: 北京   人民邮电出版社  1978.10
页数: 674页
开本: 26cm
丛书名:
单 册:
中图分类: N62
科图分类:
主题词: 自然科学--手册 , 自然科学--指南 , 自然科学--便览 , 自然科学--年表
电子资源:
ISBN:
000 00758nam0 2200241 45
001 0409081422
005 20041224150123.2
010    @dCNY3.10
091    @a15045.总2122-有543
100    @a20040908d1978 km y0chiy0120 ea
101 0  @achi
105    @a z 000yy
200 1  @a农村有线广播技术手册@ANong Cun You Xian Guang Bo Ji Shu Shou Ce@f《农村有线广播技术手册》缩写组编@F《Nong Cun You Xian Guang Bo Ji Shu Shou Ce》Suo Xie Zu Bian
210    @a北京@c人民邮电出版社@d1978.10
215    @a674页@d26cm
606 0  @a自然科学@x手册
606 0  @a自然科学@x指南
606 0  @a自然科学@x便览
606 0  @a自然科学@x年表
690    @aN62@v3
711 02 @a《农村有线广播技术手册》缩写组@4编
801    @aCN@bPftUser@c20040908
905    @dN62@e1@f1@b3006
    
    农村有线广播技术手册/《农村有线广播技术手册》缩写组编.-北京:人民邮电出版社,1978.10
    674页;26cm
    
    
    ISBN :CNY3.10
    
●
相关链接 在E读中查询图书 在五车中查询图书 在当当中查询图书 在豆瓣中查询图书


正题名:农村有线广播技术手册     索取号:N62/1         预约/预借

序号 登录号 条形码 馆藏地/架位号 状态 备注
1 0003005   000553001   密集书库/ [索取号:N62/1] 在馆    
2 0003006   000553010   第三借阅区/ [索取号:N62/1] 在馆    
3 0003007   000552994   密集书库/ [索取号:N62/1] 在馆    
4 0003008   000552985   第二样本阅览室/ [索取号:N62/1] 在馆    
唐山师范学院图书馆 欢迎您!
大连网信软件有限公司© 版权所有